000 00224nam a22000977a 4500
999 _c16274
_d16274
003 OSt
008 200629b ||||| |||| 00| 0 eng d
100 _aPadmini Sathianadhan Sengupta
_94663
245 _aRed Hibiscus
942 _cBK